000
00309nam a22001457a 4500
003
SGT
082
_a
340.5909
100
_a
COULSON, NOEL J
245
_a
A HISTORY OF ISLAMIC LAW
250
_a
1ST
260
_a
NEW DELHI
_b
UNIVERSAL BOOKS
_c
2013
300
_a
425
650
_a
ISLAMIC LAW
942
_2
ddc
_c
BK
999
_c
9785
_d
9785